Investigacion de mercados./ (Registro nro. 9208)

Detalles MARC
000 -LEADER
fixed length control field 02013nam a2200217Ia 4500
005 - FECHA Y HORA DE LA ÚLTIMA TRANSACCIÓN
control field 20230908091807.0
008 - FIXED-LENGTH DATA ELEMENTS--GENERAL INFORMATION
fixed length control field 230906s9999 xx 000 0 und d
020 ## - INTERNATIONAL STANDARD BOOK NUMBER
International Standard Book Number 9789702611851
040 ## - CATALOGING SOURCE
Original cataloging agency UPAN
Transcribing agency Biblioteca San Vicente
Description conventions RCAA2
041 ## - LANGUAGE CODE
Language code of text/sound track or separate title spa
082 ## - DEWEY DECIMAL CLASSIFICATION NUMBER
Classification number 658.84
Item number M354i
año de publicación 2008
100 ## - MAIN ENTRY--PERSONAL NAME
Personal name Malhotra, Naresh K.
Relator code aut.
245 #0 - TITLE STATEMENT
Title Investigacion de mercados./
Remainder of title Naresh K. Malhotra
250 ## - EDITION STATEMENT
Edition statement 5° ed.
260 ## - PUBLICATION, DISTRIBUTION, ETC. (IMPRINT)
Place of publication, distribution, etc México:
Name of publisher, distributor, etc Pearson,
Date of publication, distribution, etc 2008
300 ## - PHYSICAL DESCRIPTION
Extent 878 p.;
Dimensions 28 cm.
505 ## - FORMATTED CONTENTS NOTE
Formatted contents note Parte I. Introducción y fases iniciales de la investigación de mercados<br/>1. Introducción a la investigación de mercados<br/>2. Definición del problema en la investigación de mercados y desarrollo del enfoque <br/>Parte II. Preparación del diseño de la investigación<br/>3. Diseño de la investigación<br/>4. Diseño de la investigación exploratoria: datos secundarios<br/>5. Diseño de la investigación exploratoria: investigación cualitativa<br/>6. Diseño de la investigación descriptiva: encuestas y observación<br/>7. Diseño de la investigación causal: experimentación<br/>8. Medición y escalamiento: aspectos básicos y escalamiento comparativo<br/>9. Medición y escalamiento: técnicas no comparativas de escalamiento<br/>10. Diseño de cuestionarios y formatos<br/>11. Muestreo: diseño y procedimientos<br/>12. Muestreo: determinación del tamaño final e inicial de la muestra<br/>Parte III. Recolección, preparación, análisis y presentación de los datos<br/>13. Trabajo de campo<br/>14. Preparación de los datos<br/>15. Distribución de frecuencia, tabulación cruzada y prueba de hipótesis<br/>16. Anàlisis de varianza y covarianza<br/>17. Correlación y regresión<br/>18. Anàlisis logit y discriminante<br/>19. Anàlisis factorial<br/>20. Anàlisis de conglomerados<br/>21. Escalamiento multidimensional y análisis conjunto <br/>22. Preparación y presentación del informe<br/>23. Investigación de mercados internacionales
650 ## - SUBJECT ADDED ENTRY--TOPICAL TERM
Source of heading or term LEMB
Topical term or geographic name as entry element Investigación
General subdivision Mercados
9 (RLIN) 3
700 ## - ADDED ENTRY--PERSONAL NAME
Personal name Maria Elena Ortiz Salinas
Relator code tr.
942 ## - ADDED ENTRY ELEMENTS (KOHA)
Koha item type Libros
Source of classification or shelving scheme Dewey Decimal Classification
Existencias
Withdrawn status Lost status Source of classification or shelving scheme Damaged status Not for loan Collection code Home library Current library Date acquired Total Checkouts Full call number Barcode Date last seen Copy number Price effective from Koha item type
    Dewey Decimal Classification     Colección General Biblioteca UPAN San Vicente Biblioteca UPAN San Vicente 06/09/2023   658.84 M354i 12003308 06/09/2023 01 06/09/2023 Libros
    Dewey Decimal Classification     Colección General Biblioteca UPAN San Vicente Biblioteca UPAN San Vicente 06/09/2023   658.84 M354i 12003306 08/09/2023 02 06/09/2023 Libros
    Dewey Decimal Classification     Colección General Biblioteca UPAN San Vicente Biblioteca UPAN San Vicente 06/09/2023   658.84 M354i 12003307 08/09/2023 03 06/09/2023 Libros